[Event "Toronto NAYCC U08 Girls"]
[Site "Toronto"]
[Date "2013.08.17"]
[Round "7"]
[White "Zhang, Wendy"]
[Black "Minzak, Anna"]
[Result "1-0"]
[WhiteElo "366"]
[BlackElo "867"]
[PlyCount "99"]
[EventDate "2013.08.14"]
[EventType "swiss"]
[EventRounds "9"]
[EventCountry "CAN"]
[SourceTitle "EXT 2022"]
[Source "ChessBase"]
[SourceDate "2021.10.06"]
[SourceVersion "1"]
[SourceVersionDate "2021.10.06"]
[SourceQuality "1"]

1. e4 e5 2. Nf3 Nc6 3. Bc4 Bc5 4. 0-0 Nf6 5. Nc3 0-0 6. d3 d6 7. Bg5 h6 8. Be3 Bb6 9. Qe2 Nd4 10. Qd1 Nxf3+ 11. Qxf3 Bg4 12. Qg3 Qd7 13. Nb5 d5 14. exd5 Nxd5 15. Bd2 Ne7 16. Bb4 Be2 17. Rfe1 Bg4 18. h3 Bf5 19. Rxe5 Bd4 20. Re2 a6 21. Nxd4 Qxd4 22. Qf4 Qxf4 23. Rxe7 Rae8 24. Rxe8 Rxe8 25. Rd1 Qg5 26. Kf1 Qh5 27. Re1 Rxe1+ 28. Kxe1 Bg6 29. g4 Qe5+ 30. Kf1 Qxb2 31. Bb3 Qb1+ 32. Kg2 Qe1 33. Bxe1 Kf8 34. Bb4+ Ke8 35. Ba4+ b5 36. Bb3 Kd7 37. d4 Kc6 38. d5+ Kb6 39. d6 cxd6 40. Bxd6 Be4+ 41. Kg3 f5 42. gxf5 Bxf5 43. h4 a5 44. c3 a4 45. Bd5 Ka5 46. Bb7 a3 47. Bb4+ Ka4 48. Bf3 Bb1 49. Bd1+ Bc2 50. Bxc2# 1-0